• 首页
  • 本馆介绍
  • 公告通知
  • 最新文献
  • 馆藏检索
  • 电子资源
  • 读者导购
  • 参考咨询
  • 我的图书馆
  • 登录
  • 详细信息显示
  • 放入我的书架
  • 预约/预借图书
  • 作者相关作品
  • 分类相关作品
  • 丛书相关作品
  • 出版社相关作品

书目信息

  • 表格格式
  • 工作单格式
  • 卡片格式
题名:
征程:从昆明到开罗
    
 
作者: 纳忠 著
分册:  
出版信息: 北京   华文出版社  2017
页数: 121页
开本: 23cm
丛书名: 丝路文库
单 册:
中图分类: I266.4
科图分类:
主题词: 游记--作品集--中国--现代
电子资源:
ISBN: 978-7-5075-4654-5
000 01149oam2 2200253 450
001 3996
005 20180527210645.13
010    @a978-7-5075-4654-5@b软精装@dCNY28.00
100    @a20170905d2017 em y0chiy0110 ea
101 0  @achi
102    @aCN@b110000
105    @aa z 000cy
200 1  @a征程:从昆明到开罗@9zheng cheng: cong kun ming dao kai luo@f纳忠著
210    @a北京@c华文出版社@d2017
215    @a121页@c照片@d23cm
225 1  @a丝路文库@i中外关系史典藏丛书
330    @a《征程》,系纳子嘉君于民国二十年十一月由滇起程,经越、港而至埃及之旅途记载;纳君素富情感,偶有所见,感慨系之,乃草于日记,而悲欢之状,遂溢于文中;故是篇作游记看可,作日记看亦无不可也。该稿原由纳君指交广州《穆民月报》发表,嗣因余来桂后,该报主持乏人,暂行停顿;兹值本省教友嘱编《广西伊斯兰教》一刊,谨将《征程》全稿付梓,以供国人;文内所载,多为国内教友所未观,阅之,无异卧游胜地;斯不独本刊得借光篇幅,而读者亦必得观先快也。
461  0 @12001 @a丝路文库
462  0 @12001 @a中外关系史典藏丛书
606 0  @a游记@x作品集@y中国@z现代
690    @aI266.4@v5
701  0 @a纳忠@9na zhong@4著
801  0 @aCN@b91MARC@c20170905
905    @aMuseLib@dI266.4@e2934
    
    征程:从昆明到开罗/纳忠著.-北京:华文出版社,2017
    121页:照片;23cm.-(丝路文库.中外关系史典藏丛书)
    
    
    ISBN 978-7-5075-4654-5(软精装):CNY28.00
    《征程》,系纳子嘉君于民国二十年十一月由滇起程,经越、港而至埃及之旅途记载;纳君素富情感,偶有所见,感慨系之,乃草于日记,而悲欢之状,遂溢于文中;故是篇作游记看可,作日记看亦无不可也。该稿原由纳君指交广州《穆民月报》发表,嗣因余来桂后,该报主持乏人,暂行停顿;兹值本省教友嘱编《广西伊斯兰教》一刊,谨将《征程》全稿付梓,以供国人;文内所载,多为国内教友所未观,阅之,无异卧游胜地;斯不独本刊得借光篇幅,而读者亦必得观先快也。
●
相关链接 在E读中查询图书 在五车中查询图书 在当当中查询图书 在豆瓣中查询图书


正题名:征程:从昆明到开罗     索取号:I266.4/2934         预约/预借

序号 登录号 条形码 馆藏地/架位号 状态 备注
1 1111478   211114783   第一样本阅览室/ [索取号:I266.4/2934] 在馆    
2 1111479   211114792   教育系资料室/ [索取号:I266.4/2934] 在馆    
3 1111480   211114809   教育系资料室/ [索取号:I266.4/2934] 在馆    
4 1111481   211114818   第二借阅区/ [索取号:I266.4/2934] 在馆    
唐山师范学院图书馆 欢迎您!
大连网信软件有限公司© 版权所有